Statistics for Name Four US States that...

Click here to take the quiz!

General Stats

  • This quiz has been taken 95 times
  • The average score is 19 of 24

Answer Stats

Answers% Correct
Arizona
91%
California
91%
New York
91%
Oregon
91%
Washington
91%
Maine
90%
Vermont
90%
Hawaii
87%
Nevada
87%
Utah
87%
New Mexico
86%
Colorado
83%
New Hampshire
83%
Idaho
82%
Oklahoma
76%
Arkansas
73%
Indiana
73%
North Dakota
72%
Delaware
71%
Massachusetts
67%
Illinois
63%
Louisiana
63%
Connecticut
59%
Rhode Island
59%

Score Distribution

Percentile by Number Answered

Percent of People with Each Score

Your Score History

You have not taken this quiz